| 000 | 01412nam a22002897a 4500 | ||
|---|---|---|---|
| 999 |
_c119350 _d119350 |
||
| 003 | dpl | ||
| 005 | 20190222112939.0 | ||
| 008 | 190222b ||||| |||| 00| 0 eng d | ||
| 010 | _aB-157986 | ||
| 020 |
_c450.00 _a8188886025 |
||
| 035 | _aB-157986, B-151656 | ||
| 037 | _bCen Lib/Ret | ||
| 040 |
_aDPL _bHN _c0 |
||
| 082 |
_a820.8 _bअलीमु |
||
| 100 |
_aअली मुहम्मद _943761 |
||
| 245 |
_aहिन्दी रिपोर्ताज : _cअली मुहम्मद _bपरम्परा और मूल्यांकन / |
||
| 246 |
_aHindi reportaz aur mulyankan / _bby Ali Muhammad |
||
| 260 |
_aनयी दिल्ली _bफास्ट एडिशन _c2004 |
||
| 270 |
_a67, LGF कैलाश हिल्स _bनयी दिल्ली _e110065 |
||
| 300 |
_avii, 258पृ. _c21सेमी (सजिल्द) _b |
||
| 500 | _aसन्दर्भ सूची शामिल और परिशिष्ट शामिल | ||
| 650 |
_aस्वतंत्र साहित्य विद्या--रिपोर्ताज _984477 |
||
| 650 |
_aरिपोर्ताज--साहित्यिक मूल्यांकन _983212 |
||
| 650 |
_aIndependent literature lore--Reportage _984478 |
||
| 650 |
_aReportage--Literary evaluation _984479 |
||
| 942 |
_2ddc _cHN _h820.8 _mअलीमु |
||